000 00700nam a22002057a 4500
003 OSt
005 20260114030641.0
008 260114b |||||||| |||| 00| 0 eng d
020 _a971-685-684-2.
040 _aDWCL-Main lib
_cOC
082 _aFil. 370.7 D278a 2007
100 _aDe Guzman-Santos, Rosita
245 _aAdvanced methods in educational essessment and evaluation :
_bassessment of learning 2
_cDe Guzman-Santos, Rosita
260 _aQuezon City :
_bLorimar Publishing, Inc.,
_cc2007.
300 _avi, 103 pages ;
_c25 cm.
504 _aIncludes bibliographical references.
650 _21. Educational evaluation.
700 _aPadua, Roberto N.
942 _2ddc
_cBK - FIL
_kFil.
_n0
999 _c7360
_d7360